Southville International School and Colleges
Your cart is empty.
  • Cart
  • Lists
    Public lists Eva Luna New books Lux_list list_1
    Your lists Log in to create your own lists
  • Log in to your account
  • Your cookies
  • Search history
Southville International School and Colleges
  • Advanced search
  • Recent comments
  • Most popular
  • Libraries

Log in to your account

Log in with GOOGLE


If you do not have an external account, but do have a local account, you can still log in:

  1. Home
  2. MARC view: Anatomy & figure drawing handbook /
Normal view MARC view ISBD view

Anatomy & figure drawing handbook / (Record no. 15589)

[ view plain ]
MARC details
000 -LEADER
fixed length control field 01025cam a22003134a 4500
001 - CONTROL NUMBER
control field 13381861
003 - CONTROL NUMBER IDENTIFIER
control field OSt
005 - DATE AND TIME OF LATEST TRANSACTION
control field 20140310182742.0
008 - FIXED-LENGTH DATA ELEMENTS--GENERAL INFORMATION
fixed length control field 031023s2004 caua 001 0 eng
010 ## - LIBRARY OF CONGRESS CONTROL NUMBER
LC control number 2003063397
020 ## - INTERNATIONAL STANDARD BOOK NUMBER
International Standard Book Number 1840137088
040 ## - CATALOGING SOURCE
Original cataloging agency DLC
Transcribing agency DLC
042 ## - AUTHENTICATION CODE
Authentication code pcc
050 00 - LIBRARY OF CONGRESS CALL NUMBER
Classification number NC 760
Item number .An16 2004
245 00 - TITLE STATEMENT
Title Anatomy & figure drawing handbook /
246 3# - VARYING FORM OF TITLE
Title proper/short title Anatomy and figure drawing handbook
260 ## - PUBLICATION, DISTRIBUTION, ETC. (IMPRINT)
Place of publication, distribution, etc San Diego :
Name of publisher, distributor, etc Thunder Bay Press,
Date of publication, distribution, etc 2004.
300 ## - PHYSICAL DESCRIPTION
Extent 224 p. :
Other physical details ill. (some col.) ;
Dimensions 21 cm.
500 ## - GENERAL NOTE
General note "A comprehensive guide to the art of drawing the human body"--Cover.
500 ## - GENERAL NOTE
General note Includes index.
521 ## - TARGET AUDIENCE NOTE
Target audience note
650 #0 - SUBJECT ADDED ENTRY--TOPICAL TERM
Topical term or geographic name as entry element Anatomy (Artistic)
650 #0 - SUBJECT ADDED ENTRY--TOPICAL TERM
Topical term or geographic name as entry element Figure drawing
General subdivision Technique.
710 2# - ADDED ENTRY--CORPORATE NAME
Corporate name or jurisdiction name as entry element Thunder Bay Press.
906 ## - LOCAL DATA ELEMENT F, LDF (RLIN)
a 7
b cbc
c orignew
d 1
e ocip
f 20
g y-gencatlg
942 ## - ADDED ENTRY ELEMENTS (KOHA)
Source of classification or shelving scheme Library of Congress Classification
Koha item type Books
Call number prefix Foreign
Holdings
Withdrawn status Lost status Source of classification or shelving scheme Damaged status Home library Current library Shelving location Date acquired Source of acquisition Cost, normal purchase price Total Checkouts Total Renewals Full call number Barcode Date last seen Date checked out Copy number Price effective from Koha item type
    Library of Congress Classification   College Library College Library General Circulation Section 11/14/2013   429.00 4 21 NC 760 .An16 2004 C8036 04/11/2023 04/03/2023 1 10/10/2013 Books

Anatomy & figure drawing handbook /

APA

Thunder Bay Press, . (2004). Anatomy & figure drawing handbook. San Diego: Thunder Bay Press.

Chicago

Thunder Bay Press, . 2004. Anatomy & figure drawing handbook. San Diego: Thunder Bay Press.

Harvard

Thunder Bay Press, . (2004). Anatomy & figure drawing handbook. San Diego: Thunder Bay Press.

MLA

Thunder Bay Press, . Anatomy & figure drawing handbook. San Diego: Thunder Bay Press. 2004.

  • Place hold
  • Print
  • Cite
  • Add to your cart (remove)
  • Save record
    BIBTEX Dublin Core MARCXML MARC (non-Unicode/MARC-8) MARC (Unicode/UTF-8) MARC (Unicode/UTF-8, Standard) MODS (XML) RIS
  • More searches
    Search for this title in:
    Other Libraries (WorldCat) Other Databases (Google Scholar) Online Stores (Bookfinder.com) Open Library (openlibrary.org)

Exporting to Dublin Core...

SOUTHVILLE LIBRARY

Southville International School and Colleges Library

1281 Tropical Ave. Cor. Luxembourg St., BF Homes International, Las Pinas City

Tel. No. 8256374 / 252358 Loc. 117/146

Powered by Koha